LEADER 01178nam a2200397 i 4500 001 991000783599707536 005 20020507173534.0 008 930709s1984 ||| ||| | eng 020 $a3540132589 035 $ab10756759-39ule_inst 035 $aLE01302266$9ExL 040 $aDip.to Matematica$beng 082 0 $a511.3 084 $aAMS 03-02 084 $aAMS 03E05 084 $aAMS 03E10 084 $aAMS 03E25 084 $aAMS 03E35 084 $aAMS 03E45 084 $aAMS 04-02 084 $aAMS 04A25 084 $aAMS 04A30 084 $aQA248.D37 100 1 $aDevlin, Keith J.$028052 245 10$aConstructibility /$cKeith J. Devlin 260 $aBerlin :$bSpringer-Verlag,$c1984 300 $axi, 425 p. ;$c25 cm. 490 0 $aPerspectives in mathematical logic 650 4$aConstructibility 650 4$aSet theory 907 $a.b10756759$b23-02-17$c28-06-02 912 $a991000783599707536 945 $aLE013 03-XX DEV11 (1984)$g1$i2013000114989$lle013$o-$pE0.00$q-$rl$s- $t0$u0$v0$w0$x0$y.i10851148$z28-06-02 996 $aConstructibility$9344546 997 $aUNISALENTO 998 $ale013$b01-01-93$cm$da $e-$feng$gxx $h0$i1 LEADER 01530nam0 2200385 i 450 001 CFI0120709 005 20231121125438.0 010 $a8839906746 020 $aIT$b90-2557 100 $a20170519d1987 ||||0itac50 ba 101 | $aita 102 $ait 181 1$6z01$ai $bxxxe 182 1$6z01$an 200 1 $a˜Il œtempo stringe$eun'assise mondiale dei cristiani per la giustizia, la pace e la salvaguardia della creazione$fCarl Friedrich von Weizsäcker 210 $aBrescia$cQueriniana$d©1987 215 $a130 p.$d20 cm 225 | $aGiornale di teologia$v174 300 $aTrad. di Enzo Gatti. 410 0$1001CFI0000171$12001 $aGiornale di teologia$v174 500 10$a˜Die œZeit drängt. -$3CFI0120720$9CFIV074388$93605002 606 $aChiesa cattolica$xSec. 19.-20.$2FIR$3RMLC127172$9I 606 $aCristianesimo e società$2FIR$3RMLC153067$9I 676 $a261.8$9$v21 676 $a262$9Ecclesiologia$v21 700 1$aWeizsäcker$b, Carl Friedrich : von$3CFIV074388$4070$0385598 801 3$aIT$bIT-01$c20170519 850 $aIT-FR0084 $aIT-FR0017 899 $aBiblioteca Del Monumento Nazionale Di Montecassino$bFR0084 899 $aBiblioteca umanistica Giorgio Aprea$bFR0017 $eN 912 $aCFI0120709 950 0$aBiblioteca umanistica Giorgio Aprea$d 52MAG 14/519$e 52FSS0000005045 VMB RS $fA $h20220318$i20220318 977 $a 25$a 52 996 $aZeit drängt$93605002 997 $aUNICAS